000 01004nam a22001337a 4500
040 _cRUA
082 _aAGR VAT 2013 B475 Or.1
100 _aVAT POLEANG; វ៉ាត ប៉ោលាង
245 _aComparison of different nitrogen quantities combined with phosphrus and potassium on chul sa rice variety at lvea village, lvea commune, preah sdach district, prey veng province in the dry season; ការប្រៀបធៀបបរិមាណអាសូតខុសៗគ្នាផ្សំជាមួយផូស្វ័រ និងប៉ូតាស្យូមលើពូជស្រូវជលសារនៅភូមិល្វា ឃុំល្វា ស្រុកព្រះស្ដេច ខេត្តព្រៃវែងក្នុងលក្ខខណ្ឌរដូវប្រាំង
260 _aPhnom Penh
_bRUA
_c2013
300 _ax;51p.
_bill.
_c29cm.
856 _uhttps://drive.google.com/file/d/1a_RGXVzG3nDCURFD4e0iUmyBDqvayH7b/view?usp=sharing
942 _cAGR
999 _c8079
_d8079